[Event "HUN-chT2 Erkel 1819"]
[Site "Hungary"]
[Date "2019.04.28"]
[Round "9.5"]
[White "Mezei, Csaba"]
[Black "Suranyi, Pal"]
[Result "1-0"]
[WhiteElo "2081"]
[BlackElo "2087"]
[PlyCount "129"]
[EventDate "2018.10.28"]
[EventType "team-tourn"]
[EventRounds "9"]
[EventCountry "HUN"]
[SourceTitle "EXT 2021"]
[Source "ChessBase"]
[SourceDate "2020.10.23"]
[SourceVersion "1"]
[SourceVersionDate "2020.10.23"]
[SourceQuality "1"]
[WhiteTeam "Pestszentlorinc"]
[BlackTeam "Budapest MTK II"]
[WhiteTeamCountry "HUN"]
[BlackTeamCountry "HUN"]

1. d4 Nf6 2. Bf4 d6 3. e3 Bg4 4. Be2 Bxe2 5. Qxe2 Nbd7 6. Nf3 c5 7. c3 e6 8. h3 d5 9. Nbd2 Be7 10. 0-0 0-0 11. Rab1 Rc8 12. Qb5 b6 13. Qa6 Ra8 14. Rfe1 Qc8 15. Qe2 Rd8 16. Rbc1 c4 17. e4 dxe4 18. Nxe4 Nxe4 19. Qxe4 Nf6 20. Qe2 Nd5 21. Bd2 Bd6 22. Ne5 Bxe5 23. Qxe5 Qc7 24. Qe4 Rac8 25. Re2 b5 26. Rce1 a5 27. f4 Nf6 28. Qc2 Qd7 29. f5 Re8 30. fxe6 Rxe6 31. Rxe6 fxe6 32. Re5 Rf8 33. Qd1 Nd5 34. Qe2 Rf6 35. Bg5 Rg6 36. g4 h6 37. Bh4 Nf4 38. Qf3 Nd3 39. Re2 Qd5 40. Qe3 b4 41. Kh2 Qd6+ 42. Bg3 Qf8 43. Be5 Qf1 44. Rg2 Qe1 45. Qxe1 Nxe1 46. Re2 Nd3 47. cxb4 axb4 48. a4 bxa3 49. bxa3 h5 50. gxh5 Rg5 51. a4 Rf5 52. Kg3 Rf1 53. Rc2 Rg1+ 54. Kh2 Re1 55. Bg3 Ra1 56. Rxc4 Nb2 57. Rc7 Rxa4 58. Be5 Nd3 59. Bxg7 Nf4 60. h6 Nh5 61. Be5 Ra2+ 62. Kg1 Ra1+ 63. Kf2 Ra2+ 64. Ke3 Ra3+ 65. Kd2 1-0

[Event "HUN-chT2 Erkel 1819"]
[Site "Hungary"]
[Date "2019.03.31"]
[Round "8.4"]
[White "Mezei, Csaba"]
[Black "Hargittay, Szabolcs"]
[Result "1/2-1/2"]
[WhiteElo "2081"]
[BlackElo "2173"]
[PlyCount "32"]
[EventDate "2018.10.28"]
[EventType "team-tourn"]
[EventRounds "9"]
[EventCountry "HUN"]
[SourceTitle "EXT 2021"]
[Source "ChessBase"]
[SourceDate "2020.10.23"]
[SourceVersion "1"]
[SourceVersionDate "2020.10.23"]
[SourceQuality "1"]
[WhiteTeam "Pestszentlorinc"]
[BlackTeam "Sarkany DSE"]
[WhiteTeamCountry "HUN"]
[BlackTeamCountry "HUN"]

1. d4 Nf6 2. Bf4 e6 3. e3 b6 4. c3 Bb7 5. Nf3 c5 6. Bd3 cxd4 7. exd4 d6 8. 0-0 Be7 9. Nbd2 Nbd7 10. Re1 0-0 11. Qc2 h6 12. h3 a6 13. Ne4 Nxe4 14. Bxe4 Bxe4 15. Qxe4 Qc7 16. Bh2 Nf6 1/2-1/2

[Event "HUN-chT2 Erkel 1819"]
[Site "Hungary"]
[Date "2019.02.24"]
[Round "6.4"]
[White "Mezei, Csaba"]
[Black "Zanaty, Zsolt"]
[Result "0-1"]
[WhiteElo "2081"]
[BlackElo "2173"]
[PlyCount "128"]
[EventDate "2018.10.28"]
[EventType "team-tourn"]
[EventRounds "9"]
[EventCountry "HUN"]
[SourceTitle "EXT 2021"]
[Source "ChessBase"]
[SourceDate "2020.10.23"]
[SourceVersion "1"]
[SourceVersionDate "2020.10.23"]
[SourceQuality "1"]
[WhiteTeam "Pestszentlorinc"]
[BlackTeam "Varosgazda Akademia"]
[WhiteTeamCountry "HUN"]
[BlackTeamCountry "HUN"]

1. d4 g6 2. Bf4 Bg7 3. c3 d5 4. e3 Nf6 5. h3 0-0 6. Nf3 b6 7. Bd3 c5 8. Nbd2 Nc6 9. 0-0 Bb7 10. a4 Rc8 11. Re1 Re8 12. Bh2 Nd7 13. Bb5 a6 14. Bd3 c4 15. Bc2 f5 16. Rb1 e5 17. dxe5 Ncxe5 18. Nd4 Nc5 19. Bxe5 Bxe5 20. f4 Bg7 21. N2f3 Bc6 22. Ra1 Qd7 23. Kf2 Re7 24. a5 b5 25. Qd2 Rd8 26. Ra2 Bb7 27. b4 Ne4+ 28. Bxe4 dxe4 29. Ng1 Bxd4 30. exd4 Qd6 31. Qe3 Rg7 32. Ne2 Bd5 33. Rg1 Rf8 34. g3 h6 35. Raa1 Rff7 36. Raf1 Kf8 37. Ke1 Ke7 38. Kd2 Kd7 39. Rg2 h5 40. Rfg1 Qf6 41. g4 hxg4 42. hxg4 Qe7 43. gxf5 gxf5 44. Rg5 Rh7 45. Rg6 Rf6 46. R6g5 Rff7 47. Qg3 e3+ 48. Qxe3 Qxe3+ 49. Kxe3 Re7+ 50. Kd2 Rh2 51. Re1 Bf3 52. Rxf5 Rexe2+ 53. Rxe2 Rxe2+ 54. Kc1 Be4 55. Rf7+ Kc8 56. f5 Rc2+ 57. Kd1 Rxc3 58. f6 Rf3 59. Ke2 Bd5 60. Rf8+ Kd7 61. Kd2 c3+ 62. Ke2 c2 63. Kd2 Rf2+ 64. Ke3 Rg2 0-1

[Event "HUN-chT2 Erkel 1819"]
[Site "Hungary"]
[Date "2018.10.28"]
[Round "1.5"]
[White "Mezei, Csaba"]
[Black "Pallagi, Janos1111"]
[Result "1/2-1/2"]
[WhiteElo "2081"]
[BlackElo "1959"]
[PlyCount "55"]
[EventDate "2018.10.28"]
[EventType "team-tourn"]
[EventRounds "9"]
[EventCountry "HUN"]
[SourceTitle "EXT 2021"]
[Source "ChessBase"]
[SourceDate "2020.10.23"]
[SourceVersion "1"]
[SourceVersionDate "2020.10.23"]
[SourceQuality "1"]
[WhiteTeam "Pestszentlorinc"]
[BlackTeam "Fot"]
[WhiteTeamCountry "HUN"]
[BlackTeamCountry "HUN"]

1. d4 c5 2. e3 Nf6 3. c3 b6 4. f4 g6 5. Nf3 Bg7 6. Bc4 Bb7 7. 0-0 0-0 8. a4 d5 9. Bd3 Nc6 10. Nbd2 e6 11. Qe2 Nd7 12. Rb1 f6 13. b4 cxb4 14. cxb4 e5 15. b5 Na5 16. dxe5 fxe5 17. fxe5 Nxe5 18. Nxe5 Rxf1+ 19. Nxf1 Bxe5 20. Nd2 Qe7 21. Nf3 Bg7 22. Nd4 Re8 23. Nc2 d4 24. Ba3 Qg5 25. e4 Bc8 26. Bc1 Qh4 27. Qf2 Qg4 28. Bd2 1/2-1/2

[Event "HUN-chT2 Erkel 1718"]
[Site "Hungary"]
[Date "2018.03.04"]
[Round "9.5"]
[White "Mezei, Csaba"]
[Black "Lengyel, Laszlo"]
[Result "1-0"]
[WhiteElo "2033"]
[BlackElo "2053"]
[PlyCount "93"]
[EventDate "2017.09.24"]
[EventType "team-tourn"]
[EventRounds "11"]
[EventCountry "HUN"]
[SourceTitle "EXT 2021"]
[Source "ChessBase"]
[SourceDate "2020.10.23"]
[SourceVersion "1"]
[SourceVersionDate "2020.10.23"]
[SourceQuality "1"]
[WhiteTeam "Pestszentlorinc"]
[BlackTeam "Gyongyos Energia"]
[WhiteTeamCountry "HUN"]
[BlackTeamCountry "HUN"]

1. d4 Nf6 2. Bf4 d6 3. Nf3 Bg4 4. e3 Nh5 5. Bg3 a6 6. Bd3 c5 7. c3 Nc6 8. Nbd2 cxd4 9. exd4 g6 10. Qc2 Rc8 11. Be4 d5 12. Bd3 Nxg3 13. hxg3 Bg7 14. Qb3 Na5 15. Qa4+ Bd7 16. Qd1 b5 17. Qe2 Nc4 18. Nb3 Qb6 19. 0-0 Bg4 20. Rfe1 0-0 21. Nc5 e5 22. Bxc4 bxc4 23. Qd2 exd4 24. cxd4 Rfd8 25. Na4 Qa7 26. Ne5 Be6 27. Rac1 Qb8 28. Nc3 Rd6 29. Re2 Rc7 30. Rce1 Qb4 31. g4 Rb6 32. g5 Rcb7 33. Qf4 Qd6 34. Na4 Rb5 35. Qe3 Rb8 36. Qc3 Rb4 37. Nc5 Bc8 38. Qf3 f6 39. gxf6 Bxf6 40. Nxg6 hxg6 41. Re6 Bxe6 42. Rxe6 Qxe6 43. Nxe6 Bg7 44. Qxd5 Rxb2 45. Qxc4 R2b4 46. Qc6 R8b6 47. Qc8+ 1-0

[Event "HUN-chT2 Erkel 1718"]
[Site "Hungary"]
[Date "2018.01.28"]
[Round "7.5"]
[White "Mezei, Csaba"]
[Black "Nadasi, Balazs"]
[Result "1/2-1/2"]
[WhiteElo "2033"]
[BlackElo "2129"]
[PlyCount "100"]
[EventDate "2017.09.24"]
[EventType "team-tourn"]
[EventRounds "11"]
[EventCountry "HUN"]
[SourceTitle "EXT 2021"]
[Source "ChessBase"]
[SourceDate "2020.10.23"]
[SourceVersion "1"]
[SourceVersionDate "2020.10.23"]
[SourceQuality "1"]
[WhiteTeam "Pestszentlorinc"]
[BlackTeam "Sarkany DSE"]
[WhiteTeamCountry "HUN"]
[BlackTeamCountry "HUN"]

1. d4 Nf6 2. Bf4 d5 3. h3 c5 4. e3 Nc6 5. c3 Qb6 6. Qb3 c4 7. Qc2 g6 8. Nd2 Bf5 9. Qc1 Rc8 10. Ngf3 Bg7 11. b3 cxb3 12. axb3 Nb4 13. Nh4 Nc2+ 14. Kd1 Nxa1 15. Qxa1 Ne4 16. Nxe4 Qxb3+ 17. Kd2 Bxe4 18. Bd3 Bxd3 19. Kxd3 0-0 20. Rc1 a6 21. Kd2 b5 22. Rb1 Qc4 23. Nf3 f6 24. Ne1 e5 25. Bg3 Rfe8 26. Nc2 Bf8 27. Qb2 e4 28. Ne1 a5 29. Qxb5 Qxc3+ 30. Kd1 Bb4 31. Qxd5+ Kh8 32. Ke2 Qc4+ 33. Qxc4 Rxc4 34. f3 Bxe1 35. Bxe1 Rc2+ 36. Bd2 exf3+ 37. gxf3 Ra2 38. Rb6 f5 39. d5 Kg7 40. Rc6 Re5 41. Rc5 Kf6 42. Kd3 Ke7 43. Kd4 Rxd5+ 44. Kxd5 Rxd2+ 45. Ke5 a4 46. Ra5 Rd3 47. Ra7+ Kf8 48. Rxh7 Rxe3+ 49. Kf6 Kg8 50. Ra7 Rxf3 1/2-1/2

[Event "HUN-chT2 Erkel 1718"]
[Site "Hungary"]
[Date "2017.12.03"]
[Round "5.5"]
[White "Mezei, Csaba"]
[Black "Koszegi, Lajos"]
[Result "1/2-1/2"]
[WhiteElo "2033"]
[BlackElo "2067"]
[PlyCount "108"]
[EventDate "2017.09.24"]
[EventType "team-tourn"]
[EventRounds "11"]
[EventCountry "HUN"]
[SourceTitle "EXT 2021"]
[Source "ChessBase"]
[SourceDate "2020.10.23"]
[SourceVersion "1"]
[SourceVersionDate "2020.10.23"]
[SourceQuality "1"]
[WhiteTeam "Pestszentlorinc"]
[BlackTeam "Szada GSBE"]
[WhiteTeamCountry "HUN"]
[BlackTeamCountry "HUN"]

1. d4 c5 2. e3 b6 3. f4 Bb7 4. Nf3 Nf6 5. Bd3 g6 6. c3 Bg7 7. 0-0 0-0 8. Nbd2 d6 9. e4 cxd4 10. cxd4 Nc6 11. a3 e6 12. b4 Nh5 13. Nb3 e5 14. fxe5 dxe5 15. d5 Ne7 16. Bb2 Qd6 17. Nbd2 f6 18. Qb3 Kh8 19. Rfc1 Nf4 20. Bf1 Qd7 21. Rc3 Qg4 22. g3 Nexd5 23. exd5 Bxd5 24. Qd1 Rad8 25. Qe1 Rfe8 26. Re3 Rc8 27. Rc1 Rxc1 28. Qxc1 Rc8 29. Qd1 Re8 30. Ne4 Bxe4 31. Rxe4 Nh3+ 32. Bxh3 Qxe4 33. Bg2 Qe3+ 34. Kh1 e4 35. Ne1 Rc8 36. Bf1 h5 37. Ba6 Rf8 38. Ng2 Qf2 39. Be2 Rc8 40. Bd4 Qf5 41. Be3 Kh7 42. Qd2 Qe5 43. Kg1 Qa1+ 44. Kf2 Qxa3 45. b5 Qb3 46. Qd7 Rc2 47. Qe8 Rxe2+ 48. Kxe2 Qd3+ 49. Kf2 Qc2+ 50. Kg1 Qd1+ 51. Kf2 Qc2+ 52. Kf1 Qd3+ 53. Kf2 Qc2+ 54. Kg1 Qd1+ 1/2-1/2

[Event "HUN-chT2 Erkel 1617"]
[Site "Hungary"]
[Date "2017.03.12"]
[Round "10.5"]
[White "Mezei, Csaba"]
[Black "Kormos, Adam"]
[Result "0-1"]
[WhiteElo "2069"]
[BlackElo "2148"]
[PlyCount "94"]
[EventDate "2016.09.25"]
[EventType "team-tourn"]
[EventRounds "11"]
[EventCountry "HUN"]
[SourceTitle "EXT 2021"]
[Source "ChessBase"]
[SourceDate "2020.10.23"]
[SourceVersion "1"]
[SourceVersionDate "2020.10.23"]
[SourceQuality "1"]
[WhiteTeam "Pestszentlorinc"]
[BlackTeam "Budapest EAC"]
[WhiteTeamCountry "HUN"]
[BlackTeamCountry "HUN"]

1. d4 g6 2. e4 Bg7 3. f4 d5 4. e5 Nh6 5. Bd3 Bf5 6. Nf3 0-0 7. Be3 Nc6 8. a3 a5 9. 0-0 a4 10. h3 Na5 11. Nc3 Qd7 12. Bb5 c6 13. Bxa4 Nc4 14. Bc1 Rfb8 15. Bb3 b5 16. Ra2 Be6 17. Qe1 Qa7 18. Kh2 Nf5 19. Qf2 h5 20. Ne2 Qb6 21. c3 Qa6 22. Ne1 Nh6 23. Nd3 Qc8 24. Nc5 Na5 25. Bc2 Nb7 26. b4 Nxc5 27. dxc5 d4 28. Ra1 dxc3 29. Nxc3 Bc4 30. Re1 Qe6 31. Bb2 Rd8 32. Ne4 Bd3 33. Ng5 Qc4 34. Rac1 Bxc2 35. Rxc2 Qb3 36. Re3 Qd5 37. Ree2 Nf5 38. Nf3 Bh6 39. g3 Qb3 40. Rc3 Qe6 41. Rcc2 h4 42. Nxh4 Nxh4 43. gxh4 Qf5 44. Kg2 Rd3 45. Kf1 Bxf4 46. Qg2 Bg3+ 47. Rf2 Rd1+ 0-1

[Event "Budapest Karacsonyi op 8th"]
[Site "Budapest"]
[Date "2016.12.30"]
[Round "7"]
[White "Mezei, Csaba"]
[Black "Rona, Andras"]
[Result "1-0"]
[WhiteElo "2056"]
[BlackElo "1578"]
[PlyCount "93"]
[EventDate "2016.12.27"]
[EventType "swiss"]
[EventRounds "7"]
[EventCountry "HUN"]
[SourceTitle "CBM 176 Extra"]
[Source "ChessBase"]
[SourceDate "2017.03.02"]
[SourceVersion "1"]
[SourceVersionDate "2017.03.02"]
[SourceQuality "1"]

1. d4 Nf6 2. e3 g6 3. f4 d6 4. Nf3 Bg7 5. Bc4 0-0 6. a4 Nbd7 7. c3 c5 8. 0-0 b6 9. a5 Bb7 10. a6 Be4 11. Nbd2 Rb8 12. Nxe4 Nxe4 13. Bd5 Nef6 14. Bb7 Qc7 15. Qe2 Rbd8 16. e4 Nb8 17. e5 dxe5 18. fxe5 Nd5 19. Qe4 e6 20. Bg5 Rd7 21. c4 Nb4 22. d5 exd5 23. cxd5 b5 24. Be3 Re8 25. d6 Qb6 26. Qxb4 Qxb7 27. Qxc5 Nxa6 28. Qa3 Nb8 29. Qxa7 Bxe5 30. Nxe5 Rxe5 31. Qxb7 Rxb7 32. Bf4 Rd5 33. Rfc1 Nd7 34. Rc7 Nc5 35. b4 Ne6 36. Rxb7 Nxf4 37. d7 Ne6 38. Ra5 Rd1+ 39. Kf2 Rd2+ 40. Ke3 Rxg2 41. Ra8+ Kg7 42. d8Q Nxd8 43. Rxd8 Rxh2 44. Rdd7 Rh4 45. Rxf7+ Kg8 46. Rg7+ Kh8 47. Rgc7 1-0

[Event "Budapest Karacsonyi op 8th"]
[Site "Budapest"]
[Date "2016.12.28"]
[Round "3"]
[White "Mezei, Csaba"]
[Black "Balsai, Nikolett"]
[Result "1-0"]
[WhiteElo "2056"]
[BlackElo "1972"]
[PlyCount "111"]
[EventDate "2016.12.27"]
[EventType "swiss"]
[EventRounds "7"]
[EventCountry "HUN"]
[SourceTitle "CBM 176 Extra"]
[Source "ChessBase"]
[SourceDate "2017.03.02"]
[SourceVersion "1"]
[SourceVersionDate "2017.03.02"]
[SourceQuality "1"]

1. d4 d5 2. e3 Nf6 3. f4 Bg4 4. Nf3 e6 5. Bd3 Nbd7 6. 0-0 Be7 7. Nbd2 c5 8. c3 a6 9. h3 Bh5 10. g4 Bg6 11. Qe2 c4 12. Bb1 Qc7 13. Ne5 Bxb1 14. Rxb1 Nxe5 15. fxe5 Nd7 16. e4 f6 17. exf6 Qg3+ 18. Qg2 Qxg2+ 19. Kxg2 Bxf6 20. e5 Bg5 21. Nxc4 Be7 22. Nd2 h5 23. Nf3 0-0-0 24. Bg5 Rde8 25. Bxe7 Rxe7 26. Ng5 hxg4 27. hxg4 Kc7 28. Kg3 b5 29. b3 Kb6 30. Rf3 Ka5 31. a3 Rc8 32. Rc1 Nb8 33. Nf7 Nc6 34. Nd6 Rcc7 35. Rcf1 Kb6 36. Kh4 a5 37. b4 Nd8 38. Rf8 Red7 39. R1f3 Kc6 40. Kg5 Kb6 41. Kg6 axb4 42. axb4 Nc6 43. Re8 Ne7+ 44. Kf7 Nf5+ 45. Kxe6 Nh6 46. g5 Ng4 47. Rb8+ Ka7 48. Rxb5 g6 49. Rc5 Re7+ 50. Kxd5 Rb7 51. Nc8+ Ka8 52. Nxe7 Ka7 53. Nc8+ Ka8 54. Nd6 Rd7 55. c4 Ka7 56. Ra3+ 1-0

[Event "Budapest Karacsonyi op 8th"]
[Site "Budapest"]
[Date "2016.12.27"]
[Round "1"]
[White "Mezei, Csaba"]
[Black "Szurkos, Andras"]
[Result "1-0"]
[WhiteElo "2056"]
[BlackElo "1714"]
[PlyCount "113"]
[EventDate "2016.12.27"]
[EventType "swiss"]
[EventRounds "7"]
[EventCountry "HUN"]
[SourceTitle "CBM 176 Extra"]
[Source "ChessBase"]
[SourceDate "2017.03.02"]
[SourceVersion "1"]
[SourceVersionDate "2017.03.02"]
[SourceQuality "1"]

1. d4 Nf6 2. e3 d5 3. f4 Bf5 4. Nf3 Nbd7 5. c4 e6 6. a3 c5 7. dxc5 Nxc5 8. b4 Nce4 9. c5 Be7 10. Bb5+ Kf8 11. Ne5 a6 12. Ba4 b5 13. Bc2 Nd7 14. Nc6 Qe8 15. Nxe7 Qxe7 16. 0-0 h5 17. Bb2 Ndf6 18. Bd4 Bg4 19. Qc1 Be2 20. Re1 Bc4 21. Nd2 h4 22. Nxe4 Nxe4 23. Qb2 f6 24. a4 Kf7 25. Qb1 f5 26. Qb2 Kg6 27. Be5 h3 28. Bxe4 dxe4 29. g3 Rad8 30. axb5 Bxb5 31. Rad1 Rd3 32. Rxd3 exd3 33. Qc3 Rd8 34. Qd2 Qb7 35. e4 fxe4 36. Re3 Bc6 37. g4 Qe7 38. Rxh3 Qd7 39. Bd6 Qc8 40. Kf2 Rh8 41. Rxh8 Qxh8 42. Kg3 Kf7 43. h4 g6 44. Be5 Qd8 45. Bc3 Qd5 46. Qe3 Qc4 47. Bd2 Qc2 48. f5 exf5 49. gxf5 gxf5 50. Qg5 Bd7 51. h5 Qd1 52. Qg6+ Kf8 53. Bh6+ Ke7 54. Bg5+ Kf8 55. Qf6+ Kg8 56. Qd8+ Kh7 57. Qxd7+ 1-0

[Event "HUN-chT2 Erkel 1617"]
[Site "Hungary"]
[Date "2016.12.11"]
[Round "6.6"]
[White "Mezei, Csaba"]
[Black "Hevesi, Zoltan"]
[Result "1-0"]
[WhiteElo "2069"]
[BlackElo "2066"]
[PlyCount "55"]
[EventDate "2016.09.25"]
[EventType "team-tourn"]
[EventRounds "11"]
[EventCountry "HUN"]
[SourceTitle "EXT 2021"]
[Source "ChessBase"]
[SourceDate "2020.10.23"]
[SourceVersion "1"]
[SourceVersionDate "2020.10.23"]
[SourceQuality "1"]
[WhiteTeam "Pestszentlorinc"]
[BlackTeam "Andornaktalya"]
[WhiteTeamCountry "HUN"]
[BlackTeamCountry "HUN"]

1. d4 Nf6 2. e3 g6 3. f4 Bg7 4. Nf3 d6 5. Bc4 0-0 6. 0-0 Nbd7 7. c3 c5 8. Nbd2 Qc7 9. Qe2 a6 10. a4 b6 11. e4 e5 12. fxe5 dxe5 13. d5 Ne8 14. Bd3 Nd6 15. b3 Bb7 16. Ba3 b5 17. Bb2 Rab8 18. axb5 axb5 19. c4 bxc4 20. Nxc4 Nb5 21. Ncxe5 Nxe5 22. Nxe5 Bxe5 23. Bxe5 Qxe5 24. Bxb5 f5 25. exf5 Qd4+ 26. Kh1 Bxd5 27. Rad1 Qe4 28. Rxd5 1-0

[Event "HUN-chT2 Erkel 1617"]
[Site "Hungary"]
[Date "2016.11.13"]
[Round "4.5"]
[White "Kozma, Gabor"]
[Black "Mezei, Csaba"]
[Result "1/2-1/2"]
[WhiteElo "2054"]
[BlackElo "2069"]
[PlyCount "166"]
[EventDate "2016.09.25"]
[EventType "team-tourn"]
[EventRounds "11"]
[EventCountry "HUN"]
[SourceTitle "EXT 2021"]
[Source "ChessBase"]
[SourceDate "2020.10.23"]
[SourceVersion "1"]
[SourceVersionDate "2020.10.23"]
[SourceQuality "1"]
[WhiteTeam "Szada GSBE"]
[BlackTeam "Pestszentlorinc"]
[WhiteTeamCountry "HUN"]
[BlackTeamCountry "HUN"]

1. e4 c5 2. Nf3 d6 3. d4 cxd4 4. Nxd4 Nf6 5. Nc3 g6 6. Be3 Bg7 7. f3 0-0 8. Qd2 Nc6 9. Bc4 Na5 10. Bb3 Bd7 11. 0-0 Rc8 12. Rad1 b6 13. Bh6 Nc4 14. Bxc4 Rxc4 15. Bxg7 Kxg7 16. f4 Qc7 17. Qd3 Qc5 18. Kh1 Rc8 19. Nb3 Qc7 20. Rde1 Rxc3 21. Qxc3 Qxc3 22. bxc3 Rxc3 23. Rf2 Bc6 24. e5 Ne4 25. Rfe2 d5 26. Nd4 Bd7 27. Kg1 h5 28. h3 Rc4 29. Nb3 Nc3 30. Re3 Nxa2 31. Ra1 Rxc2 32. Nd4 Rd2 33. Nf3 Rc2 34. Ne1 Rc3 35. Rxc3 Nxc3 36. Rxa7 Be6 37. Kf2 d4 38. Nf3 d3 39. Ra3 Nd1+ 40. Ke1 Ne3 41. Kf2 Nd1+ 42. Ke1 Ne3 43. Kf2 Nd5 44. Rxd3 Nxf4 45. Rd4 Nd5 46. Rd2 f6 47. Rb2 Kf7 48. exf6 Kxf6 49. Nd2 Bd7 50. Nc4 b5 51. Na3 Nc7 52. Ke3 Ke5 53. Kf3 Bc6+ 54. Kg3 Kd4 55. Rc2 Kd5 56. Rd2+ Kc5 57. Kf4 Kb4 58. Nb1 Ne6+ 59. Ke5 Nc5 60. Rb2+ Ka5 61. Rc2 Kb6 62. g4 hxg4 63. hxg4 b4 64. Nd2 Bd7 65. Kf4 Be6 66. Kg5 Bf7 67. Kh6 Kb5 68. Kg7 Be6 69. Kxg6 Bxg4 70. Kg5 Bd1 71. Rc1 Ba4 72. Kf5 e6+ 73. Kf6 Nb3 74. Nxb3 Bxb3 75. Ke5 Bd5 76. Kd4 b3 77. Kc3 Kc5 78. Re1 Kd6 79. Kd4 Kc6 80. Re2 Kb5 81. Kc3 Ka4 82. Re1 Kb5 83. Re2 Kc5 1/2-1/2

[Event "HUN-chT2 Erkel 1516"]
[Site "Hungary"]
[Date "2016.04.17"]
[Round "11.6"]
[White "Szabo, Ervin"]
[Black "Mezei, Csaba"]
[Result "0-1"]
[WhiteElo "1890"]
[BlackElo "2030"]
[PlyCount "50"]
[EventDate "2015.09.13"]
[EventType "team-tourn"]
[EventRounds "11"]
[EventCountry "HUN"]
[SourceTitle "EXT 2017"]
[Source "ChessBase"]
[SourceDate "2016.10.25"]
[SourceVersion "1"]
[SourceVersionDate "2016.10.25"]
[SourceQuality "1"]
[WhiteTeam "Salgotarjan"]
[BlackTeam "Pestszentlorinc"]
[WhiteTeamCountry "HUN"]
[BlackTeamCountry "HUN"]

1. d4 d5 2. Nf3 Nf6 3. Bg5 h6 4. Bf4 Bf5 5. e3 e6 6. Bd3 Ne4 7. 0-0 Nd7 8. c4 g5 9. Be5 f6 10. Bg3 h5 11. h3 h4 12. Bh2 g4 13. hxg4 Bxg4 14. Nc3 f5 15. cxd5 Nxc3 16. bxc3 exd5 17. Be2 h3 18. g3 Bd6 19. c4 dxc4 20. Bxc4 Qe7 21. Be2 0-0-0 22. Rb1 Nf6 23. Qb3 Qe4 24. Nh4 Bxe2 25. f3 Qd5 0-1

[Event "HUN-chT2 Erkel 1516"]
[Site "Hungary"]
[Date "2016.02.14"]
[Round "7.6"]
[White "Kis, Jozsef"]
[Black "Mezei, Csaba"]
[Result "0-1"]
[WhiteElo "2053"]
[BlackElo "2030"]
[PlyCount "88"]
[EventDate "2015.09.13"]
[EventType "team-tourn"]
[EventRounds "11"]
[EventCountry "HUN"]
[SourceTitle "EXT 2017"]
[Source "ChessBase"]
[SourceDate "2016.10.25"]
[SourceVersion "1"]
[SourceVersionDate "2016.10.25"]
[SourceQuality "1"]
[WhiteTeam "Matra"]
[BlackTeam "Pestszentlorinc"]
[WhiteTeamCountry "HUN"]
[BlackTeamCountry "HUN"]

1. e4 c5 2. Nf3 e6 3. b3 Nf6 4. Nc3 Nc6 5. Bb2 d6 6. Bb5 a6 7. Bxc6+ bxc6 8. e5 Nd5 9. exd6 Bxd6 10. Ne4 0-0 11. 0-0 Be7 12. Ne5 Qc7 13. Nd3 Qa7 14. Ne5 Qc7 15. d3 f6 16. Nc4 a5 17. a4 Rd8 18. Qe2 e5 19. Kh1 Be6 20. f3 Rd7 21. Rad1 Rad8 22. Qf2 Qa7 23. Ba3 Nb4 24. Bxb4 axb4 25. Ned2 Rd4 26. g3 Qc7 27. Rfe1 g5 28. g4 Bd5 29. Ne3 Qd7 30. Kg1 Rf4 31. Ne4 h5 32. h3 hxg4 33. hxg4 Kg7 34. Ng2 Bxe4 35. dxe4 Qxd1 36. Rxd1 Rxd1+ 37. Kh2 Rd4 38. Nxf4 gxf4 39. Qe2 c4 40. bxc4 Bc5 41. g5 fxg5 42. Kh3 Rd6 43. Qg2 Rh6+ 44. Kg4 Kg6 0-1

[Event "Perenyi Memorial"]
[Site "Budapest"]
[Date "2016.01.13"]
[Round "7"]
[White "Mezei, Csaba"]
[Black "Czumbel, Peter"]
[Result "1-0"]
[WhiteElo "2045"]
[BlackElo "1825"]
[PlyCount "67"]
[EventDate "2016.01.06"]
[EventType "swiss"]
[EventRounds "9"]
[EventCountry "HUN"]
[SourceTitle "CBM 170 Extra"]
[Source "ChessBase"]
[SourceDate "2016.02.25"]
[SourceVersion "1"]
[SourceVersionDate "2016.02.25"]
[SourceQuality "1"]

1. d4 Nf6 2. e3 g6 3. c3 Bg7 4. Bc4 d6 5. a4 a5 6. Na3 0-0 7. Ne2 Nbd7 8. 0-0 c6 9. Bd2 e5 10. b4 Ne4 11. Be1 d5 12. Bd3 Nd6 13. bxa5 e4 14. Bc2 Rxa5 15. c4 Ra8 16. Bb4 c5 17. Bc3 dxc4 18. dxc5 Nxc5 19. Bxg7 Kxg7 20. Qd4+ Qf6 21. Qxc5 Bg4 22. Ng3 Rfe8 23. Nb5 Nxb5 24. Qxb5 Re5 25. Qxc4 Rc8 26. Qb3 Bf3 27. Bd1 h5 28. gxf3 exf3 29. Qxb7 Rc6 30. Qb2 Rb6 31. Qd4 Rd6 32. Qf4 Rf5 33. Nxf5+ gxf5 34. Bxf3 1-0

[Event "Perenyi Memorial"]
[Site "Budapest"]
[Date "2016.01.08"]
[Round "3"]
[White "Mezei, Csaba"]
[Black "Szalanczy, Emil"]
[Result "0-1"]
[WhiteElo "2045"]
[BlackElo "2267"]
[PlyCount "100"]
[EventDate "2016.01.06"]
[EventType "swiss"]
[EventRounds "9"]
[EventCountry "HUN"]
[SourceTitle "CBM 170 Extra"]
[Source "ChessBase"]
[SourceDate "2016.02.25"]
[SourceVersion "1"]
[SourceVersionDate "2016.02.25"]
[SourceQuality "1"]

1. d4 Nf6 2. e3 g6 3. f4 Bg7 4. Nf3 0-0 5. Bd3 c5 6. c3 d6 7. 0-0 Nc6 8. Bc4 b6 9. Nbd2 Bb7 10. a4 Rc8 11. Qe2 Rc7 12. Bb5 Qc8 13. e4 cxd4 14. Bxc6 Rxc6 15. Nxd4 Rc5 16. f5 Re5 17. N4f3 Qxf5 18. Nxe5 Qxe5 19. Re1 h5 20. h3 Rc8 21. a5 bxa5 22. Nf3 Qg3 23. Be3 Nxe4 24. Bxa7 Nc5 25. Bxc5 Rxc5 26. Qf2 Qxf2+ 27. Kxf2 Bf6 28. Re2 Rf5 29. Ra4 e6 30. Rd2 Be7 31. Rd3 Kg7 32. g4 Rb5 33. b4 Bxf3 34. Kxf3 hxg4+ 35. hxg4 axb4 36. Rxb4 Rc5 37. c4 Rc7 38. Rdb3 Bf6 39. Ke4 Rc5 40. Rd3 Be5 41. Rh3 g5 42. Kd3 Ra5 43. Ke4 Ra1 44. Rb5 Rc1 45. Rxe5 dxe5 46. Kd3 f5 47. Rh2 Rd1+ 48. Kc3 e4 49. c5 Kf6 50. Rh6+ Ke5 0-1

[Event "Budapest Karacsonyi op 6th"]
[Site "Budapest"]
[Date "2014.12.30"]
[Round "7"]
[White "Mezei, Csaba"]
[Black "Yip, Michael"]
[Result "0-1"]
[WhiteElo "2076"]
[BlackElo "1955"]
[PlyCount "130"]
[EventDate "2014.12.27"]
[EventType "swiss"]
[EventRounds "7"]
[EventCountry "HUN"]
[SourceTitle "EXT 2020"]
[Source "ChessBase"]
[SourceDate "2019.10.17"]
[SourceVersion "1"]
[SourceVersionDate "2019.10.17"]
[SourceQuality "1"]

1. d4 Nf6 2. e3 b6 3. f4 Bb7 4. Nf3 g6 5. Bd3 Bg7 6. 0-0 d6 7. b3 0-0 8. Bb2 c5 9. Qe2 Nbd7 10. Nbd2 cxd4 11. exd4 Nd5 12. g3 Nb4 13. Be4 d5 14. Bd3 Nxd3 15. Qxd3 Nf6 16. Rfe1 Bc8 17. Rac1 Bf5 18. Qe2 Re8 19. Ne5 Rc8 20. c4 dxc4 21. bxc4 h5 22. Qe3 Qc7 23. Ndf3 Ng4 24. Nxg4 Bxg4 25. Kf2 Bxf3 26. Kxf3 e6 27. Rc2 Red8 28. Rd1 b5 29. c5 Qc6+ 30. Kf2 Rd5 31. Rcd2 Rcd8 32. Bc3 Bf6 33. h4 Kg7 34. a3 Qc7 35. Rd3 Qd7 36. Ba5 Rc8 37. Bc3 Qc7 38. Qd2 Qb7 39. Qe3 Rc6 40. R1d2 Ra6 41. Bb2 Ra4 42. Rb3 a6 43. Rb4 Rxb4 44. axb4 Bd8 45. Qa3 Bf6 46. Bc3 Rf5 47. Ke3 Kh7 48. Qa1 Rd5 49. Ra2 Rf5 50. Rxa6 Qg2 51. Qe1 Qh3 52. Kd2 Bxh4 53. gxh4 Rxf4 54. c6 Rf1 55. Qxf1 Qxf1 56. Kc2 Qe2+ 57. Kc1 Qc4 58. Kb2 g5 59. hxg5 Kg6 60. Rb6 h4 61. c7 Qxc7 62. Rxb5 h3 63. d5 h2 64. dxe6 h1Q 65. exf7 Qg2+ 0-1